| 000 | 00365nam a2200097Ia 4500 | ||
|---|---|---|---|
| 008 | 220120s9999||||xx |||||||||||||| ||und|| | ||
| 100 |
_aRohith, Sagar, Lokaprakash and Nagaraj Nayak _912415 |
||
| 245 | 0 | _aCustom digital implementation for high speed CRC 8 interface | |
| 260 |
_aCoorg Institute of Technology _bPonnampet _c2012 |
||
| 650 | _aELECTRONICS AND COMMUNICATIONS | ||
| 999 |
_c138002 _d138002 |
||